000 00917nam a22001817a 4500
005 20250404124236.0
010 _aHIN-1129622
020 _a9788171248445
_c300.00
035 _aHN-101968
037 _bDBAD
082 _a921
100 _aश्रीवास्तव,सद्गुरुप्रसाद
_980313
245 _aशिवस्वरुप बाबा हैडाखान/
_cसद्गुरुप्रसाद श्रीवास्तव
_hहिन्दी
260 _aवाराणसी
_bविश्वविद्यालय प्रकाशन
_c2023
270 _aविशालाक्षी भवन, चौक,
_bवाराणसी (उ.प्र.)
_e221001
_k915422413741
_l2413082
_msales@vvpbooks.com
300 _a110पृ.
_c22सेमी (सजिल्द )
942 _2ddc
_cHN
_h921
_mश्रीवास्तव
_eप्रथम
999 _c210811
_d210811